000 00570nam a2200193 a 4500
001 367
005 20180713180524.0
008 140415s1988 sp 000 0 spa d
041 _aspa
082 _a110.019
_bBAS
100 1 _aBASAVE FERNANDEZ DEL VALLE, AGUSTIN
245 1 0 _aFILOSOFIA DEL HOMBRE :
_bFUNDAMENTOS DE ANTROPOLOGIA METAFISICA
250 _a6a ed.
260 _aESPAÑA :
_bESPASA-CALPE MEXICANA,
_c1988
300 _a274
490 _aAUSTRAL
_v1336
650 1 4 _aANTROPOLGIA FILOSOFICA
700 1 _aFEDERICO SCIACCA, NICHELE
_epról.
999 _c367
_d367